000 00764nam a22002297a 4500
999 _c7305
_d7305
001 7305
003 BD-JhCC
005 20180329101528.0
008 180207b xxu||||| |||| 00| 0 eng d
035 _a(BD-JhCC)7305
040 _aBD-JhCC
_dBD-JhCC
041 _aeng
082 _a182
_bHAL 1975
100 _aহালিম, মোহাম্মদ আব্দুল
245 _aগ্রীক দর্শন :
_b প্রজ্ঞা ও প্রসার /
_cমোহাম্মদ আব্দুল হালিম
260 _aঢাকা :
_bবাংলা একাডেমী,
_c১৯৭৫.
300 _a২১৬ পৃ. :
_c২২ সেমি.
650 _aPhilosophy
650 _aAncient
942 _2ddc
_cBK